| 000 | 00681nam a22002297a 4500 | ||
|---|---|---|---|
| 003 | DO-SdBNP | ||
| 005 | 20180214145256.0 | ||
| 008 | 161202b 2005 sp a 00| 0 spa d | ||
| 020 | _a9788496412620 | ||
| 040 |
_aBPMSU _bspa _cBPMSU |
||
| 082 | 4 |
_axxxx _bxxxx |
|
| 100 | 1 | _aPerrault, Charles | |
| 245 | 1 |
_aCenicienta / _cCharles Perrault ; coordinador editorial Emilio López |
|
| 260 |
_aMadrid : _bSol 90, _c2005. |
||
| 300 |
_a46 p. : _bil., _c20 cm. |
||
| 490 | 1 |
_aCuentos infantiles _v8 |
|
| 700 | 1 |
_aLópez, Emilio, _ecoord. editorial |
|
| 830 | 0 |
_aCuentos infantiles _n8 |
|
| 942 |
_2ddc _cBK |
||
| 945 | _aInventariado, 2018 / BT | ||
| 956 |
_aBTAVÁREZ _b10 _d20160212 _fBPMSU _h0038 |
||
| 999 |
_c12247 _d12247 |
||